| 000 | 00909cam a2200229 4500 | ||
|---|---|---|---|
| 001 | 2122 | ||
| 005 | 20181127164610.0 | ||
| 008 | 050919s2006 enka b 001 0 eng | ||
| 010 | _a 2005027341 | ||
| 020 | _a0199277966 (alk. paper) | ||
| 020 | _a9780199277964 (alk. paper) | ||
| 100 | 1 | _aRajan, S. Ravi. | |
| 245 | 1 | 0 |
_aModernizing nature : _bforestry and imperial eco-development 1800-1950 / _cS. Ravi Rajan. |
| 260 |
_aOxford : _bClarendon Press ; _aOxford ; _aNew York : _bOxford University Press, _c2006. |
||
| 300 |
_axv, 286 p. : _bill. ; _c23 cm. |
||
| 440 | 0 | _aOxford historical monographs | |
| 504 | _aIncludes bibliographical references (p. [242]-265) and index. | ||
| 650 | 0 |
_aForest management _xHistory _y19th century. |
|
| 650 | 0 |
_aForest management _xHistory _y20th century. |
|
| 651 | 0 |
_aGreat Britain _xColonies _xHistory _y19th century. |
|
| 651 | 0 |
_aGreat Britain _xColonies _xHistory _y20th century. |
|
| 999 |
_c1667 _d1667 |
||